| 000 | 01072nam a2200301Ia 4500 | ||
|---|---|---|---|
| 005 | 20220317001806.0 | ||
| 008 | 170328s2012 a ao g 000 0 s | ||
| 020 | _a9789501132304 | ||
| 041 | _aspa | ||
| 082 | 0 | 4 |
_a938 _bF84a1 |
| 100 | 1 | _aFullman, Joe | |
| 245 | 1 | 4 |
_aLos antiguos griegos _bactividades para vestirte, comer, escribir y jugar como los griegos _ctextos de Joe Fullman ; traducción de Silvina Chauvin |
| 250 | _a1a. edición | ||
| 300 |
_a32 páginas _bilustraciones, fotografías en color _c26 cm |
||
| 490 | _aManos a la historia | ||
| 500 | _aIncluye glosario e índice | ||
| 521 | _aRecomendado desde los 9 años | ||
| 650 | 1 | 4 |
_2LEMB _aTrabajos manuales (Educación) |
| 650 | 1 | 4 |
_2LEMB _aGrecia _xVida social y costumbres _xHistoria |
| 651 | 4 |
_aGrecia _xHistoria antigua _96792 |
|
| 700 | 1 |
_aChauvin, Silvina _94489 |
|
| 942 |
_2ddc _cBK |
||
| 264 |
_aBuenos Aires _bSigmar _cc2012 |
||
| 336 |
_atexto _btxt _2rdacontent |
||
| 337 |
_asin mediación _bn _2rdamedia |
||
| 338 |
_avolumen _bnc _2rdacarrier |
||
| 040 |
_aCO-BoRNBP _bspa _erda _cCO-BoRNBP |
||
| 999 |
_c8113 _d8113 |
||